00527nam a2200193 a 4500001001300000003000900013005001700022008004100039020002300080082001500103100001800118245004300136260005500179300000900234500003500243505002400278650001300302700001800315nice12345678IN_TiNIC20260116013614.0050524s1994 newa grp 000 0 eng  a812151X c20000a294.3bCON aConze, Edward aBuddhismb Its Essence and Development aNew Delhi bMunshiram Manoharlal Publishers c1994 a212p aincludes index and biblioraphy2 aBibliography, Index aBuddhism1 aConze, Edward